Movies Quiz

Random Movies Quiz

Brad Pitt Movies by Image Quiz Stats

 Plays Quiz Updated Oct 19, 2016

Challenge
Share
Tweet
Score 0/25 Timer 06:00
1 Play Today
# Movie Title % Correct
7The Curious Case of Benjamin Button
90.2%
19Troy
80.7%
22Fight Club
76.5%
8Se7en
68.3%
15Mr. & Mrs. Smith
65.5%
16Interview with the Vampire
63%
9Meet Joe Black
60.6%
14Ocean's Eleven
60.4%
24Burn After Reading
48.6%
5A River Runs Through It
44.4%
25Snatch.
42.8%
13Thelma & Louise
40.1%
212 Monkeys
38.4%
# Movie Title % Correct
3Legends of the Fall
37.1%
10Inglourious Basterds
32.3%
12Babel
27.7%
18Seven Years in Tibet
26.9%
20The Assassination of Jesse James....
23.6%
23The Mexican
22.7%
1Cool World
18.9%
21The Tree of Life
16.8%
6True Romance
15.4%
4Kalifornia
14.7%
17Spy Game
13.5%
11Johnny Suede
4.4%

You're not logged in!

Compare scores with friends on all Sporcle quizzes.
OR
Log In

You Might Also Like...

Show Comments

Extras

Top Quizzes Today


Score Distribution

Your Account Isn't Verified!

In order to create a playlist on Sporcle, you need to verify the email address you used during registration. Go to your Sporcle Settings to finish the process.

Report this User

Report this user for behavior that violates our Community Guidelines.

Details: